Informe del trabajo de campo y procesamiento de la información /
Wedi'i Gadw mewn:
| Prif Awdur: | |
|---|---|
| Awduron Corfforaethol: | , |
| Awduron Eraill: | |
| Fformat: | Texto |
| Cyhoeddwyd: |
San José:
CSUCA. IDRC
|
| Tagiau: |
Ychwanegu Tag
Dim Tagiau, Byddwch y cyntaf i dagio'r cofnod hwn!
|
MARC
| LEADER | 00000 a a2200000 04500 | ||
|---|---|---|---|
| 001 | 21036 | ||
| 003 | |||
| 040 | |||
| 090 | |a 090700 | ||
| 100 | |a Ramírez, Ana Leonor | ||
| 110 | |a CSUCA | ||
| 245 | |a Informe del trabajo de campo y procesamiento de la información / |c CSUCA | ||
| 260 | |a San José: |b CSUCA. IDRC | ||
| 300 | |a 7 p. | ||
| 700 | |a Vargas Cullell, Jorge Luis | ||
| 710 | |a IDRC | ||
| 999 | |c 1393 |d 1393 | ||
